000 00562nam a22001697a 4500
005 20251108173313.0
008 250721s2006 xx 000 0 ara d
082 1 4 _a213.2/يحي
100 1 _aيحيى، السيد محمد بن عقيل
_eمؤلف
245 1 0 _aالعتب الجميل على أهل الجرح والتعديل /
264 1 _aعمان :
_bدار الكندي للنشر والتوزيع،
_c2006.
300 _a210ص.
650 1 7 _aعلوم الحديث
650 1 7 _aالجرخ و التعديل
942 _2ddc
_cBK
999 _c100799
_d100799